| 000 | 00341nam a22001337a 4500 | ||
|---|---|---|---|
| 999 |
_c480135 _d480135 |
||
| 003 | NUST | ||
| 008 | 160621t xxu||||| |||| 00| 0 eng d | ||
| 020 | _6978-0-495-09339-8 | ||
| 038 | _aMian Adnan | ||
| 082 | _a150 | ||
| 100 |
_ahoward _913892 |
||
| 245 | _aDrug use and abuse A comprehensive introduction sixth edition | ||
| 942 |
_2ddc _cBK |
||